| 000 | 00829nam a2200229 a 4500 | ||
|---|---|---|---|
| 001 | BRCA_7192 | ||
| 005 | 20190320205738.0 | ||
| 008 | 160112s1887----u--ab#####---#000-0#eng-# | ||
| 041 | _aeng | ||
| 044 | _au | ||
| 050 | 4 |
_aF9 _b.I64 1887 |
|
| 100 | 1 |
_aIngersoll, Ernest _d1852-1946 _917822 |
|
| 245 | 1 | 0 |
_aDown east latch strings _br Seashore, lakes and mountains by the Boston & Maine railroad. Descriptive of the tourist region of New England _cBy Ernest Ingersoll; Illustrated by H. B. Colby and F. H. Taylor. |
| 260 |
_aBoston _bPassenger Departament, Boston & Maine Railroad _c1887 |
||
| 300 |
_a86 p. _bil., mapas _c20 cm. |
||
| 500 | _aP86 | ||
| 650 | 1 | 4 |
_aFerrocarriles _99137 |
| 651 | 4 |
_aNueva Inglaterra _xDescripción y viajes _917823 |
|
| 710 | 2 |
_aBoston and Maine Railroad. _917824 |
|
| 902 | _aGFM | ||
| 942 |
_2lcc _cB |
||
| 999 |
_c6873 _d6873 |
||